000 00701nam a2200205Ia 4500
001 8487
003 GE_BSU
008 181216s||||||||xx |||||||||||||| ||und||
040 _cGE_BSU
080 _a821.353.1-11
100 _aზომლეთელი,ნოე.
245 _aრჩეული:ლექსები და პოემები.
245 _cრედ:კ.ბობოხიძე;მხატვ:გ.გორდელაძე.
260 _aთბილისი.
260 _bსახელგამი.
260 _c1953.
300 _a315გვ;1ფურც.პორტრ;21სმ.
653 _aლექსები და პოემები.
942 _cBK
999 _c41804
_d41804